000 00747nam a2200217 i 4500
001 34350
003 ES-MaACL
005 20250820135615.0
007 t|
008 030204s1914 fr ||||1| fre d
100 1 _aBlondel, Charles.
_929544
245 1 3 _aLa psyco-physiologie de Gall /
_cses idées directrices par Charles Blondel.
260 _aParis :
_bFélix Alcan,
_c1914 (
_eEvreux :
_fHérissey)
300 _a165 p. ;
_c19 cm.
490 1 _aBibliothèque de philosophie contemporaine
600 1 7 _aGall, Franz Joseph,
_d1758-1828-
_xCrítica e interpretación
_2
_9158710
650 4 _aFrenología.
_9158711
830 0 _aBibliothèque de philosophie contemporaine
_9181027
852 _aES-MaACL
_jF-12119
999 _c34350
_d34350